[Event "EU-ch Amateur Online Final 1400/1700"]
[Site "Tornelo INT"]
[Date "2021.04.18"]
[Round "2"]
[White "Kassios, Dimitrios"]
[Black "Ivanov, Andrey A2222"]
[Result "0-1"]
[WhiteElo "1529"]
[BlackElo "2165"]
[PlyCount "116"]
[EventDate "2021.04.18"]
[EventType "swiss (rapid)"]
[EventRounds "9"]
[EventCountry "NET"]
[SourceTitle "EXT 2023"]
[Source "ChessBase"]
[SourceDate "2022.10.05"]
[SourceVersion "1"]
[SourceVersionDate "2022.10.05"]
[SourceQuality "1"]

1. e4 c5 2. d4 cxd4 3. c3 dxc3 4. Nxc3 e6 5. Bc4 Ne7 6. Nf3 Ng6 7. 0-0 Be7 8. Be3 0-0 9. Re1 Nc6 10. Qe2 b6 11. Rac1 Bb7 12. a3 Nge5 13. Nxe5 Nxe5 14. Ba2 Rc8 15. f4 Ng6 16. Bd2 Bc5+ 17. Be3 Nxf4 18. Qd2 Bxe3+ 19. Rxe3 Ng6 20. Qd6 Qe7 21. Rd1 Qxd6 22. Rxd6 Ne5 23. h3 Rc6 24. Nb5 Rxd6 25. Nxd6 Bc6 26. Rc3 Rd8 27. b4 a6 28. Bb3 b5 29. a4 bxa4 30. Ba2 Kf8 31. Rc5 f6 32. Nc4 Nxc4 33. Bxc4 Bb5 34. Bxb5 axb5 35. Rxb5 Ra8 36. Rc5 a3 37. Rc1 Ke7 38. Kf2 Kd6 39. Ke3 a2 40. Ra1 Kc6 41. Kd4 Ra3 42. Kc4 d5+ 43. exd5+ exd5+ 44. Kd4 Kb5 45. Kxd5 Kxb4 46. Ke6 Kb3 47. Kf7 Ra7+ 48. Kg8 Kb2 49. Rxa2+ Kxa2 50. Kxh7 Kb2 51. g4 Kc2 52. h4 Kd3 53. Kg6 Ke4 54. g5 fxg5 55. Kxg5 Ra5+ 56. Kg6 Kf4 57. h5 Kg4 58. h6 gxh6 0-1

[Event "GRE-ch South U12"]
[Site "Athens"]
[Date "2020.08.30"]
[Round "4"]
[White "Kassios, Dimitrios"]
[Black "Moschovakis, Dimitrios"]
[Result "1-0"]
[WhiteElo "1474"]
[BlackElo "1263"]
[PlyCount "59"]
[EventDate "2020.08.28"]
[EventType "swiss"]
[EventRounds "9"]
[EventCountry "GRE"]
[SourceTitle "EXT 2023"]
[Source "ChessBase"]
[SourceDate "2022.10.05"]
[SourceVersion "1"]
[SourceVersionDate "2022.10.05"]
[SourceQuality "1"]

1. e4 e6 2. d4 d5 3. Nd2 dxe4 4. Nxe4 Nd7 5. Nf3 Ngf6 6. Nxf6+ Nxf6 7. Ne5 a6 8. Bd3 Be7 9. Bg5 Nd7 10. Bxe7 Qxe7 11. 0-0 0-0 12. c3 c5 13. Nxd7 Bxd7 14. Qh5 f5 15. Rfe1 Rf6 16. d5 Qd6 17. dxe6 Bxe6 18. Qe2 Rh6 19. h3 Rg6 20. Bc4 Bd5 21. Bxd5+ Qxd5 22. f3 Rd6 23. Rad1 Qc6 24. Rxd6 Qxd6 25. Rd1 Qc6 26. Qc4+ Kf8 27. Rd5 g6 28. Rxc5 Qb6 29. Qd4 Kg8 30. Rc8+ 1-0

[Event "GRE-ch U10"]
[Site "Patras"]
[Date "2019.06.28"]
[Round "5.3"]
[White "Kassios, Dimitrios"]
[Black "Vassis, Michail"]
[Result "0-1"]
[WhiteElo "1287"]
[BlackElo "1332"]
[PlyCount "102"]
[EventDate "2019.06.25"]
[EventType "swiss"]
[EventRounds "9"]
[EventCountry "GRE"]
[SourceTitle "EXT 2020"]
[Source "ChessBase"]
[SourceDate "2019.10.17"]
[SourceVersion "1"]
[SourceVersionDate "2019.10.17"]
[SourceQuality "1"]
[WhiteTeam "Greece"]
[BlackTeam "Greece"]
[WhiteTeamCountry "GRE"]
[BlackTeamCountry "GRE"]

1. e4 e6 2. d4 d5 3. Nd2 Nc6 4. Bb5 Bd7 5. Ngf3 a6 6. Bxc6 Bxc6 7. Ne5 Nf6 8. Nxc6 bxc6 9. exd5 cxd5 10. Nf3 Bd6 11. Bg5 0-0 12. 0-0 h6 13. Bh4 Rb8 14. b3 Be7 15. Ne5 Rb6 16. f3 Nd7 17. Nxd7 Qxd7 18. Bg3 Rc8 19. Qe2 c5 20. dxc5 Bxc5+ 21. Bf2 Qc7 22. Rac1 Bxf2+ 23. Rxf2 Rc6 24. f4 Qa5 25. a4 Qc3 26. Qd1 Qxb3 27. cxb3 Rxc1 28. Qxc1 Rxc1+ 29. Rf1 Rc3 30. Rf3 Rxf3 31. gxf3 a5 32. Kf2 Kf8 33. Ke3 Ke7 34. f5 e5 35. Kd3 Kd6 36. h3 f6 37. Kd2 Kc5 38. Kc2 Kb4 39. Kb2 d4 40. Kc2 Ka3 41. h4 h5 42. b4 Kxb4 43. Kd3 Kc5 44. Kd2 Kc4 45. Kc2 d3+ 46. Kd2 Kd4 47. Kd1 Ke3 48. Ke1 Kxf3 49. Kd2 e4 50. Ke1 e3 51. Kd1 Kf2 0-1